Zamestnanosť v SR v kontexte globálnej hospodárskej krízy

Guardado en:
Detalles Bibliográficos
Autor principal: Rievajová, Eva
Otros Autores: Husáková, Mária
Formato: Capítulo de libro
Lenguaje:inglés
Etiquetas: Agregar Etiqueta
Sin Etiquetas, Sea el primero en etiquetar este registro!

MARC

LEADER 00000naa$a2200000$$$4500
001 0103410
005 20240502083246.9
041 0 |a eng 
044 |a CZ 
245 1 0 |a Zamestnanosť v SR v kontexte globálnej hospodárskej krízy  |c Eva Rievajová, Mária Husáková 
500 |a Abstrakt 
100 1 |a Rievajová, Eva 
700 1 |a Husáková, Mária